| 000 | 00850nam a22001337a 4500 | ||
|---|---|---|---|
| 040 | _cRUA | ||
| 082 | _aAGR BB ANN 2010 B061 Or.1 | ||
| 100 | _aANN METH | ||
| 245 | _aEffect of rice husk charcoal with different fertilizer on rice senpidor variety at agricultural development center in battambang province, (ប្សិទ្ធភាពធ្យូងអង្កាម និងប្រភេទជីផ្សេងៗលើពូជស្រូវសែនពិដោរ នៅរដូវប្រំាងនៅមជ្ឈមណ្ឌលអភិវឌ្ឍន៍កសិកម្មកំពីងពួយ ខេត្តបាត់ដំបង) | ||
| 260 |
_aphnom penh _bRUA _c2010 |
||
| 300 |
_axiv, 75p. _bill. _c29cm. |
||
| 856 | _uhttps://drive.google.com/file/d/1u22--AYj1-YIFz-RTOQPy2BgUlP8yWxh/view?usp=sharing | ||
| 942 | _cAGR | ||
| 999 |
_c1458 _d1458 |
||